000 00727cam a2200241 4500
008 090401t1991 xxu||||| |||| 00| 0 eng d
020 _a0854064974
035 _a(Sirsi) u53308
041 _aeng
050 _a711.1
_c18
090 _aRICS 1991/53ABCD
110 _aRoyal Institution of Chartered Surveyors
_bPlanning and Development Division
_9956
245 4 _aThe making of planning applications
250 _a2nd
260 _aLondon
_bRICS
_c1991
300 _a11p.
_c30cm
490 _aRICS Planning and Development Guidance Note
520 _aSuperseded by third edition (ISBN 1842190245).
650 _aPLANNING PERMISSION
690 _aPlanning and development
_96259
942 _n0
948 _c04/03/1997
999 _c93249
_d93249